| 000 | 00975cam a22002777a 4500 | ||
|---|---|---|---|
| 003 | CHAP | ||
| 005 | 20220329135504.0 | ||
| 008 | 971013s r 00010 d | ||
| 010 | _a37416 | ||
| 011 | _a38388 | ||
| 035 | _a42508 | ||
| 040 | _cCHAP | ||
| 090 | _aR-819 | ||
| 100 | 0 | 0 |
_aOverbeek, J. Van. _984389 |
| 245 | 1 | 3 | _aEl uso del 2, 4-D como herbicida selectivo en los trópicoss, especialmente en los trópicos, especialmente en el cultivo de la caña de azúcar |
| 500 | _aSobretiro de : Rev. de Agricultura de Puerto Rico 36 (2) : 129-132, 1945 | ||
| 590 |
_aBATCH-UPD _b10 _c20130110 _lUCH01 _h1110 |
||
| 590 |
_aBATCH-UPD _b10 _c20130410 _lUCH01 _h0701 |
||
| 590 |
_aBATCH-UPD _b10 _c20130913 _lUCH01 _h1905 |
||
| 590 |
_aCONVERSION _b10 _c20130109 _lUCH01 _h1321 |
||
| 650 | 1 | 4 |
_aAcido diclorofenoxiacético. _9582 |
| 650 | 1 | 4 |
_aCaña de azúcar _xMalas hierbas _xControl. _918625 |
| 901 | _aBK | ||
| 942 | _cREIMP | ||
| 949 |
_aR-819 _bBC _cR _d-97882 _eTS1 _i42508 _si |
||
| 999 |
_c37416 _d37416 |
||